Việt Nam chiến lược hỗ trợ quốc gia của nhóm Ngân hàng Thế Giới giai đoạn 2003 - 2006
Guardat en:
| Autor corporatiu: | |
|---|---|
| Format: | Llibre |
| Idioma: | Undetermined |
| Publicat: |
Việt Nam
Ngân hàng Thế Giới
2002
|
| Matèries: | |
| Etiquetes: |
Afegir etiqueta
Sense etiquetes, Sigues el primer a etiquetar aquest registre!
|
| Thư viện lưu trữ: | Trung tâm Học liệu Trường Đại học Cần Thơ |
|---|
| LEADER | 00635nam a2200181Ia 4500 | ||
|---|---|---|---|
| 001 | CTU_62959 | ||
| 008 | 210402s9999 xx 000 0 und d | ||
| 082 | |a 339 | ||
| 082 | |b Ng121 | ||
| 110 | |a Ngân hàng Thế Giới | ||
| 245 | 0 | |a Việt Nam chiến lược hỗ trợ quốc gia của nhóm Ngân hàng Thế Giới giai đoạn 2003 - 2006 | |
| 245 | 0 | |c Ngân hàng Thế Giới | |
| 260 | |a Việt Nam | ||
| 260 | |b Ngân hàng Thế Giới | ||
| 260 | |c 2002 | ||
| 650 | |a Macroeconomics | ||
| 904 | |i Minh (Nguyên sửa) | ||
| 980 | |a Trung tâm Học liệu Trường Đại học Cần Thơ | ||